<?xml version="1.0" encoding="UTF-8"?>
<marc:record xmlns:marc="http://www.loc.gov/MARC21/slim">
   <marc:leader>00000nam a2200000 a 4500</marc:leader>
   <marc:datafield ind1="1" ind2=" " tag="100">
      <marc:subfield code="a">Oda, Eiichirō</marc:subfield>
      <marc:subfield code="4">aut</marc:subfield>
      <marc:subfield code="e">Verfasser/-in</marc:subfield>
   </marc:datafield>
   <marc:datafield ind1=" " ind2=" " tag="653">
      <marc:subfield code="a">Manga</marc:subfield>
   </marc:datafield>
   <marc:datafield ind1="0" ind2="0" tag="245">
      <marc:subfield code="a">One Piece 15</marc:subfield>
   </marc:datafield>
   <marc:datafield ind1="0" ind2="0" tag="245">
      <marc:subfield code="b">volle Fahrt voraus</marc:subfield>
   </marc:datafield>
   <marc:datafield ind1="0" ind2="0" tag="245">
      <marc:subfield code="c">Oda, Eiichirō</marc:subfield>
   </marc:datafield>
   <marc:datafield ind1=" " ind2="1" tag="264">
      <marc:subfield code="a">Hamburg</marc:subfield>
      <marc:subfield code="b">Carlsen Manga!</marc:subfield>
      <marc:subfield code="c">2022</marc:subfield>
   </marc:datafield>
   <marc:datafield ind1="1" ind2=" " tag="490">
      <marc:subfield code="a">One Piece</marc:subfield>
      <marc:subfield code="v">15</marc:subfield>
   </marc:datafield>
   <marc:datafield ind1=" " ind2=" " tag="250">
      <marc:subfield code="a">18. Aufl.</marc:subfield>
   </marc:datafield>
   <marc:datafield ind1="1" ind2=" " tag="520">
      <marc:subfield code="a">Der beliebteste Manga der Welt!&#xD;
&#xD;
Erlebe die Geschichte des zukünftigen Königs der Piraten in einer unvergleichlichen Geschichte voller Action, Abenteuer, Dramatik, Freundschaft und Humor. Mit über 500 Millionen verkauften Bänden weltweit ist One Piece die meistverkaufte Mangaserie der Geschichte!&#xD;
&#xD;
Nami ist krank! 42 Grad Fieber und kein Arzt in Sicht! Unsere Freunde landen auf der Winterinsel Drumm, um einen Doktor aufzutreiben. Doch die einzige Ärztin wohnt auf dem höchsten Berg, so dass Ruffy und Sanji Nami huckepack hochschleppen müssen. Schade, dass fleischfressende Riesen-Hasen den Berg bewachen und sich nicht mit ein paar Möhren abspeisen lassen...</marc:subfield>
   </marc:datafield>
   <marc:datafield ind1=" " ind2=" " tag="020">
      <marc:subfield code="a">9783551756251</marc:subfield>
      <marc:subfield code="9">9783551756251</marc:subfield>
   </marc:datafield>
   <marc:datafield ind1=" " ind2=" " tag="041">
      <marc:subfield code="a">ger</marc:subfield>
   </marc:datafield>
   <marc:datafield ind1="0" ind2=" " tag="490">
      <marc:subfield code="v">15</marc:subfield>
   </marc:datafield>
   <marc:datafield ind1="1" ind2=" " tag="521">
      <marc:subfield code="a">Ab 10 Jahren</marc:subfield>
   </marc:datafield>
   <marc:datafield ind1=" " ind2=" " tag="338">
      <marc:subfield code="a">Band</marc:subfield>
   </marc:datafield>
   <marc:datafield ind1=" " ind2=" " tag="300">
      <marc:subfield code="a">186 Seiten</marc:subfield>
   </marc:datafield>
</marc:record>
